Usos de energia (Record no. 175360)

MARC details
000 -LÍDER
campo de controle de tamanho fixo 00357 a2200169 4500
001 - NÚMERO DE CONTROLE
campo de controle 175360
020 ## - ISBN - INTERNATIONAL STANDARD BOOK NUMBER
ISBN - International Standard Book Number 85-7056-386-8
040 ## - FONTE DA CATALOGAÇÃO
Instituição que transcreveu o registro Magnum
100 ## - ENTRADA PRINCIPAL--NOME PESSOAL
Nome pessoal Tundisi, Helena da Silva Freire
240 10 - TÍTULO UNIFORME
Título uniforme Usos de energia
Idioma da obra por
245 10 - TÍTULO
Título Usos de energia
300 ## - DESCRIÇÃO FÍSICA
Extensão 73
362 0# - DATAS DE PUBLICAÇÃO E/OU DESIGNAÇÃO SEQUENCIAL
Datas de publicação e/ou designação sequencial 1991
440 #1 - DECLARAÇÃO DE SÉRIE/ENTRADA ADICIONADA--TÍTULO
Título Saraiva
697 ## - ENTRADA DE ASSUNTO LOCAL--ENTIDADE COLETIVA (RLIN)
Nome corporativo ou nome da jurisdição MISCELÂNEA
942 ## - ELEMENTOS DE ENTRADA ADICIONADOS (KOHA)
Tipo de material Koha Livros
Holdings
Situação do descarte Situação das perdas Situação física Não pode ser emprestado Biblioteca de origem Biblioteca atual Data de aquisição Total de empréstimos Número de chamada completo Código de barras Data de último acesso Data do preço efetivo Tipo de material Koha
        Magnum Magnum 08/06/2024   0.123 MAG00023842 08/06/2024 08/06/2024 Livros